000 01423cam a22003131i 4500
003 SA-RiAUC
005 20250812051347.0
008 250812s2008 su g 000 0dara c
020 _a9789953498287
040 _aSA-MaUQU
_bara
_cSA-RiAUC
_erda
082 0 4 _a811.062
_qSA-RiAUC
090 _a811.062
_bط ب ش
100 1 _aالطبشي، محمد حاتم عبد الحميد
_eمؤلف.
245 1 2 _aالسيرة النبوية في شرح القصيدة المرادية نظم محمد نجيب عبد الله المراد /
_cشرح وتحقيق محمد حاتم عبد الحميد الطبشي النعيمي.
246 3 0 _aشرح القصيدة المرادية
250 _aالطبعة الأولى.
264 1 _aجدة، السعودية :
_bدار المنهاج للنشر،
_c2008.
300 _a256 صفحة ؛
_c24 سم
336 _aنص
_btxt
_2rdacontent
_3كتاب
337 _aبدون وسيط
_bn
_2rdamedia
338 _aمجلد
_bnc
_2rdacarrier
650 7 _aالمدائح النبوية
_2aucsh
650 7 _aالسيرة النبوية
_vشعر
_2aucsh
650 7 _aالشعر العربي الديني
_xتاريخ ونقد
_2aucsh
700 1 2 _iشرح لـ (عمل) :
_aالمراد، محمد نجيب عبد الله
_tالقصيدة المرادية.
740 2 2 _aالقصيدة المرادية.
942 _2ddc
_cBOOK
_n0
949 _aSA-JeALM
_d250812
_umohamedma123
_n1
999 _c10752
_d10752